Statistiques concernant Petit Bac #05 - Villes Européennes

Cliquez ici pour prendre le quiz!

Statistiques générales

  • Ce quiz a été pris 822 fois
    (704 depuis la dernière actualisation)
  • Le résultat moyen est 15 sur 20

Statistiques - réponses

1ère Lettre Ville (500.000+ hab.) % Correct
BBerlin / Bucarest / Budapest / Barcelone / Birmingham / Brême / Bristol
99%
MMadrid / Munich / Milan / Marseille / Malaga / Manchester
98%
PParis / Prague / Palerme / Poznań
97%
LLondres / Łódź / Leipzig / Liverpool / Lisbonne / La Haye / Lyon
96%
RRome / Riga / Rotterdam
92%
AAmsterdam / Athènes / Anvers
92%
VVienne / Varsovie / Valence / Vilnius
90%
DDüsseldorf / Dortmund / Dresde / Dublin
86%
SSofia / Stockholm / Séville / Saragosse / Stuttgart / Sheffield
85%
OOslo / Odessa
83%
CCologne / Cracovie / Copenhague
81%
ZZagreb
81%
HHambourg / Helsinki / Hanovre
80%
KKiev
70%
NNaples / Nuremberg
58%
TTurin
52%
FFrancfort
44%
GGênes / Glasgow / Göteborg
40%
EEssen
22%
WWrocław
17%

Distribution des résultats

Percentile par nombre de réponses

% des personnes avec chaque résultat

Votre développement - résultats

Vous n’avez pas pris ce quiz depuis la dernière actualisation